[Event "Olympiad Women 2024"]
[Site "Budapest HUN"]
[Date "2024.09.13"]
[Round "3.14"]
[Board "3"]
[White "Cramling Bellon, Anna"]
[Black "Hejazipour, Mitra"]
[Result "0-1"]
[WhiteElo "2066"]
[BlackElo "2327"]
[PlyCount "76"]
[EventDate "2024.09.11"]
[WhiteTeam "Sweden"]
[BlackTeam "France"]
[WhiteTeamCountry "SWE"]
[BlackTeamCountry "FRA"]

1. d4 Nf6 2. c4 e6 3. Nc3 Bb4 4. Qc2 d5 5. a3 Bxc3+ 6. Qxc3 O-O 7. e3 b6 8. Nf3 Ba6 9. b4 c5 10. dxc5 Ne4 11. Qc2 bxc5 12. Bd3 Nd7 $146 ({RR} 12... Qc7 13. b5 Bb7 14. O-O Nd7 15. Bb2 f5 16. a4 Rae8 17. Rac1 Qd6 18. Ba1 Qe7 19. Ne5 Nef6 20. f3 Nxe5 21. Bxe5 Nd7 22. Ba1 Qg5 23. Qe2 f4 24. exf4 Qxf4 25. a5 d4 26. Rce1 e5 27. Bb2 {1-0 Michaelsen,N (2396)-Koch,M (2168) Oberliga Ost-B 1617 2016 (6.3)}) 13. O-O cxb4 14. axb4 Bxc4 15. Bxc4 Rc8 16. Rxa7 Nb6 17. Bb2 Nxc4 18. Qe2 Qd6 19. Nd4 Ra8 20. Rfa1 Rxa7 21. Rxa7 Qxb4 22. Nxe6 Rb8 23. f3 Qxb2 24. Qxb2 Nxb2 25. Nf4 Nd3 26. Ra1 Nxf4 27. fxe4 Ne2+ 28. Kf2 Nc3 29. exd5 Nxd5 30. Ra5 Nf6 31. Kf3 h5 32. h3 Rb4 33. g3 Kh7 34. Ra6 Ne4 35. Ra5 Kg6 36. Re5 Ng5+ 37. Kg2 Rb2+ 38. Kh1 Nf3 0-1

[Event "Olympiad Women 2024"]
[Site "Budapest HUN"]
[Date "2024.09.13"]
[Round "3.14"]
[Board "4"]
[White "Benmesbah, Natacha"]
[Black "Zaritovskaja, Margarita"]
[Result "1-0"]
[WhiteElo "2258"]
[BlackElo "2009"]
[PlyCount "77"]
[EventDate "2024.09.11"]
[WhiteTeam "France"]
[BlackTeam "Sweden"]
[WhiteTeamCountry "FRA"]
[BlackTeamCountry "SWE"]

1. e4 c5 2. Nf3 d6 3. d4 cxd4 4. Nxd4 Nf6 5. Nc3 a6 6. f3 e5 7. Nb3 Be6 8. Be3 Be7 9. g4 Nfd7 10. Qd2 b5 $146 ({RR} 10... Bh4+ 11. Bf2 Qg5 12. Qxg5 Bxg5 13. Rd1 Nc6 14. Rxd6 h5 15. gxh5 Rxh5 16. a3 Ke7 17. Rd1 Rah8 18. Rg1 Bxb3 19. cxb3 Bh4 20. Rxg7 Bxf2+ 21. Kxf2 Rxh2+ 22. Rg2 Nd4 23. Nd5+ Kd6 24. b4 Nf8 25. Ne3 {0-1 Matthews,S (2258)-Ordonez,F (2295) Valencia Sub zt 2.3.5 2000 (4)}) ({RR} 10... Bh4+ 11. Bf2 h5 12. gxh5 Rxh5 13. O-O-O Be7 14. Kb1 Nf6 15. f4 Nbd7 16. f5 Bxb3 17. axb3 Rc8 18. Bg2 b5 19. h4 Rh7 20. Bf3 b4 21. Na4 a5 22. Qe2 Qc7 23. Rd2 Qb7 24. Rhd1 Rc6 25. Ka2 {1-0 Granda Zuniga,J (2646)-Galego,L (2461) Reykjavik op 2015 (10)}) ({RR} 10... Nc6 11. O-O-O Nc5 12. Nd5 Nxb3+ 13. cxb3 Bxd5 14. exd5 Nb8 15. Kb1 Nd7 16. g5 O-O 17. h4 f5 18. f4 Rc8 19. Bh3 Qe8 20. h5 Rc7 21. Rdg1 Nc5 22. fxe5 dxe5 23. d6 Rc6 24. Qd5+ Kh8 25. Bxc5 {1-0 Gkavardinas,A (1972)-Shatirov,R (1410) EU-ch Hybrid U12 2021 (1)}) ({RR} 10... Bh4+ 11. Bf2 Nb6 12. O-O-O Bxf2 13. Qxf2 Nc6 14. Nd5 Bxd5 15. exd5 Ne7 16. f4 Nexd5 17. fxe5 dxe5 18. Bg2 Qg5+ 19. Kb1 Qe3 {½-½ Kvisla,J-Forsaa,E (2027) Gausdal op 2004 (3)}) 11. O-O-O Nb6 12. Nd5 Bxd5 13. exd5 Qc7 14. Na5 N8d7 15. Nc6 Rc8 16. Kb1 Nxd5 17. Nxe7 Nxe7 18. Qxd6 Qxc2+ 19. Ka1 Qc6 20. Bh3 Rd8 21. g5 Qxd6 22. Rxd6 Nc8 23. Rxa6 O-O 24. a3 Nb8 25. Ra8 Nd6 26. Bb6 Rde8 27. Bc5 Rd8 28. Rxb8 Rxb8 29. Bxd6 Rbd8 30. Bxf8 Kxf8 31. Bf5 g6 32. Be4 Rd2 33. h4 Rd4 34. Ka2 Ke7 35. Kb3 Kd7 36. Rh2 Ke6 37. Rc2 Kd6 38. Rc6+ Kd7 39. Rc5 1-0

[Event "Olympiad Women 2024"]
[Site "Budapest HUN"]
[Date "2024.09.13"]
[Round "3.15"]
[Board "1"]
[White "Dolgova, Olga"]
[Black "Yao, Lan"]
[Result "0-1"]
[WhiteElo "2171"]
[BlackElo "2353"]
[PlyCount "136"]
[EventDate "2024.09.11"]
[WhiteTeam "Norway"]
[BlackTeam "England"]
[WhiteTeamCountry "NOR"]
[BlackTeamCountry "ENG"]

1. d4 Nf6 2. Bf4 d5 3. e3 c5 4. Nf3 Nc6 5. Nbd2 Bg4 6. c3 e6 7. Be2 Be7 8. h3 Bh5 9. O-O O-O 10. Ne5 Bxe2 11. Qxe2 Nd7 ({RR} 11... Rc8 12. Ndf3 Nd7 13. Nxc6 Rxc6 14. e4 dxe4 15. Qxe4 Nf6 16. Qe2 Qb6 17. Rad1 Qa6 18. Qxa6 Rxa6 19. dxc5 Bxc5 20. a3 Rc8 21. Be5 Kf8 22. Bd4 Be7 23. Ne5 Nd5 24. Rd2 f6 25. Nf3 Ra4 26. Rfd1 {½-½ Nihal,S (2650)-Aronian,L (2782) Tata Steel India Blitz 2021 (11)}) ({RR} 11... h6 12. Bh2 Nd7 13. Nxc6 bxc6 14. dxc5 Nxc5 15. c4 Bf6 16. Nf3 Qb6 17. Rab1 Na4 18. Be5 Be7 19. b3 Nc5 20. Rbc1 Ne4 21. Nd2 Nxd2 22. Qxd2 Rfd8 23. Qe2 f6 24. Bb2 e5 25. Rfd1 Rd7 26. Qc2 {1-0 Sivanandan,B (2185)-Altynbek,A (1990) WSCC Speed Play-In 4 2024 (1)}) 12. Nxd7 $146 ({RR} 12. Bh2 Ndxe5 13. dxe5 Qb6 14. Nb3 a5 15. Qc2 a4 16. Nd2 Rfd8 17. Rfd1 d4 18. exd4 cxd4 19. Nf3 dxc3 20. Qxc3 Nb4 21. a3 Rac8 22. Rxd8+ Qxd8 23. Qd4 Qxd4 24. Nxd4 Nd3 25. Bg3 Nxb2 26. Rb1 Bxa3 {½-½ Makka,E (2032)-Burtasova,A (2311) Athens Acropolis op (Women) 2006 (1)}) ({RR} 12. Nef3 Bf6 13. a3 a6 14. Rfd1 b5 15. dxc5 Nxc5 16. e4 Na4 17. exd5 exd5 18. Nb3 Re8 19. Qd2 Nb6 20. Nbd4 Nc4 21. Nxc6 Nxd2 22. Nxd8 Nxf3+ 23. gxf3 Raxd8 24. Be3 h6 25. a4 b4 26. cxb4 Bxb2 {1-0 Palencia,W (2158)-Ayala Delgado,S (2066) 10th Velez Rapid 2023 (6.10)}) 12... Qxd7 13. Nf3 f6 14. Bg3 Rfe8 15. Rfd1 c4 16. e4 b5 17. Re1 Bf8 18. Qc2 b4 19. Re2 a5 20. exd5 exd5 21. Rxe8 Rxe8 22. Re1 Ra8 23. Qa4 Ra7 24. Nd2 Rb7 25. Bf4 Ne5 26. Qxd7 Nxd7 27. Rb1 Nb6 28. cxb4 axb4 29. Nf1 Ra7 30. Ra1 b3 31. a3 c3 32. bxc3 Rxa3 33. Rb1 Na4 34. Bc1 b2 35. Bxb2 Rb3 36. Ra1 Nxb2 37. Rb1 Ba3 38. Ne3 Rxc3 39. Nxd5 Rd3 40. Ne3 Na4 41. Nf5 Nc3 42. Rb8+ Bf8 43. Rd8 Kf7 44. Ng3 Rd2 45. Rd7+ Ke6 46. Rd8 Be7 47. Rh8 h6 48. Nh5 Kf7 49. Rc8 Ne2+ 50. Kh2 Nxd4 51. Kg1 g6 52. Ng3 Ne2+ 53. Nxe2 Rxe2 54. Kf1 Ra2 55. Rc6 h5 56. g3 Bb4 57. Rc4 Bd6 58. Kg2 Ke6 59. Rc3 Rd2 60. Re3+ Be5 61. Kf1 Kd5 62. Rf3 Bd4 63. h4 Ke5 64. Kg2 g5 65. hxg5 fxg5 66. Rf8 Rxf2+ 67. Rxf2 Bxf2 68. Kxf2 Ke4 0-1

[Event "Olympiad Women 2024"]
[Site "Budapest HUN"]
[Date "2024.09.13"]
[Round "3.15"]
[Board "2"]
[White "Houska, Jovanka"]
[Black "Koskela, Niina"]
[Result "1-0"]
[WhiteElo "2333"]
[BlackElo "2173"]
[PlyCount "91"]
[EventDate "2024.09.11"]
[WhiteTeam "England"]
[BlackTeam "Norway"]
[WhiteTeamCountry "ENG"]
[BlackTeamCountry "NOR"]

1. Nf3 Nf6 2. c4 e6 3. Nc3 Bb4 4. Qc2 Bxc3 5. Qxc3 b6 6. g3 Bb7 7. Bg2 d6 8. b4 Nbd7 9. O-O O-O 10. Bb2 Qe7 11. d3 Rfe8 $146 ({RR} 11... e5 12. e4 c5 13. a3 Ne8 14. Nh4 Nc7 15. f4 f6 16. Nf5 Qe6 17. Rf2 Nb8 18. Raf1 Nc6 19. h4 Nd4 20. Nxd4 cxd4 21. Qd2 a5 22. b5 Qe7 23. Kh2 Ne6 24. Qe2 Nc5 25. g4 f5 26. g5 {1-0 D'Costa,L (2381)-Golizadeh,A (2455) Titled Tuesday intern op 17th Aug blitz 2021 (4)}) 12. e4 Nf8 13. a4 a5 14. b5 e5 15. Nh4 Ne6 16. Nf5 Qd8 17. f4 Nd7 18. Rf2 f6 19. Raf1 g6 20. Ne3 Rf8 21. Bh3 Qe7 22. Qc2 Ndc5 23. Nd5 Bxd5 24. cxd5 Ng7 25. Re2 Rae8 26. Bg2 Qd7 27. d4 exd4 28. Bxd4 Rf7 29. h3 Ref8 30. Kh2 Ne8 31. h4 Ng7 32. Rfe1 Qd8 33. Qc4 Nb7 34. Bh3 Nc5 35. Bg2 Nb7 36. Ba1 Ne8 37. Bh3 Ng7 38. Be6 Nxe6 39. dxe6 Re7 40. Qd5 Nc5 41. f5 h6 42. g4 g5 43. hxg5 hxg5 44. Kg3 Kg7 45. Rh1 Rh8 46. Bxf6+ 1-0

[Event "Olympiad Women 2024"]
[Site "Budapest HUN"]
[Date "2024.09.13"]
[Round "3.15"]
[Board "3"]
[White "Ni, Viktorija"]
[Black "Hunt, Harriet V"]
[Result "0-1"]
[WhiteElo "2163"]
[BlackElo "2304"]
[PlyCount "96"]
[EventDate "2024.09.11"]
[WhiteTeam "Norway"]
[BlackTeam "England"]
[WhiteTeamCountry "NOR"]
[BlackTeamCountry "ENG"]

1. d4 Nf6 2. c4 e6 3. Nc3 Bb4 4. e3 b6 5. Nge2 Ba6 6. a3 Bxc3+ 7. Nxc3 d5 8. Qa4+ c6 9. Be2 O-O 10. O-O dxc4 11. Rd1 b5 12. Qc2 Nd5 $146 ({RR} 12... Nbd7 13. e4 h6 14. e5 Nd5 15. Bd2 Qc7 16. a4 Nxc3 17. Qxc3 Bb7 18. Qg3 Kh7 19. Bb4 Rh8 20. Bd6 Qd8 21. Bf3 a6 22. Be4+ Kg8 23. Ra3 Nb6 24. h4 Nd5 25. Rf3 f5 26. exf6 Nxf6 27. Be5 {1-0 Akshayraj,K (2422)-Vanheirzeele,D (2161) Reykjavik op 2012 (2)}) 13. e4 Nxc3 14. bxc3 Bb7 15. a4 f5 16. Bf3 Qc7 17. Ba3 Rf7 18. exf5 exf5 19. d5 Nd7 20. dxc6 Bxc6 21. Bxc6 Qxc6 22. Rd6 Qb7 23. Rad1 Re8 24. h3 g6 25. Qd2 Nf8 26. Qh6 bxa4 27. Rd8 Qe4 28. R1d4 Qe6 29. Kh2 f4 30. R4d6 Qe5 31. Rd5 Qe6 32. R5d6 Rxd8 33. Rxd8 Qf6 34. Rc8 f3 35. g3 Qf5 36. Rxc4 Qc2 37. Qe3 Qb3 38. Qc5 Rf5 39. Qb4 Qc2 40. Qb2 Qd1 41. Rf4 Qf1 42. Qa2+ Kh8 43. Rxf3 Rxf3 44. Bc5 h5 45. Qb2 Qc4 46. Bd4+ Kg8 47. Qb7 Qf7 48. Qb8 Rxf2+ 0-1

[Event "Olympiad Women 2024"]
[Site "Budapest HUN"]
[Date "2024.09.13"]
[Round "3.15"]
[Board "4"]
[White "Toma, Katarzyna"]
[Black "Machlik, Monika"]
[Result "1-0"]
[WhiteElo "2184"]
[BlackElo "2109"]
[PlyCount "71"]
[EventDate "2024.09.11"]
[WhiteTeam "England"]
[BlackTeam "Norway"]
[WhiteTeamCountry "ENG"]
[BlackTeamCountry "NOR"]

1. e4 c6 2. d4 d5 3. exd5 cxd5 4. Bd3 Nc6 5. c3 e6 6. Bf4 Nge7 ({RR} 6... Bd6 7. Bxd6 Qxd6 8. Nf3 Nge7 9. O-O O-O 10. Re1 f6 11. c4 dxc4 12. Bxc4 Nf5 13. d5 exd5 14. Bxd5+ Kh8 15. Nc3 Bd7 16. Qb3 Qc7 17. Rad1 Rad8 18. h3 Bc8 19. Qa3 Nfe7 20. Nb5 Qb6 21. Nxa7 {1-0 Carlsen,M (2835)-Anand,V (2754) SuperUnited Rapid 2023 (6.4)}) 7. Nf3 f6 8. Qe2 $146 ({RR} 8. h4 Ng6 9. Bg3 Bd6 10. h5 Nge7 11. Bxd6 Qxd6 12. Qc2 e5 13. dxe5 fxe5 14. Be2 O-O 15. Nbd2 e4 16. Nd4 Nxd4 17. cxd4 Qf6 18. O-O Qxd4 19. Rad1 Qe5 20. Nb3 Be6 21. Qc5 Nc6 22. Bb5 Rfc8 {½-½ Vasquez Schroder,R (2506)-Yoo,C (2548) Titled Tuesday intern op 14th Jun Late blitz 2022 (9)}) ({RR} 8. h4 Nf5 9. Qe2 Nd6 10. Nbd2 Bd7 11. O-O-O Qb6 12. Kb1 O-O-O 13. Nb3 Nf7 14. c4 dxc4 15. Bxc4 Bd6 16. Be3 Qc7 17. d5 exd5 18. Bxd5 Nfe5 19. Nfd4 a6 20. Rc1 Rhe8 21. f4 Ng4 22. Nxc6 Rxe3 {½-½ Aravindh,C (2703)-Kokoszczynski,J (2329) Titled Tue 27th Aug Early 2024 (3)}) ({RR} 8. O-O g5 9. Bxg5 fxg5 10. Nxg5 Rg8 11. Nxh7 Bg7 12. Re1 Qd6 13. Ng5 Qf4 14. Qh5+ Kd8 15. g3 Qf6 16. Nd2 Kc7 17. Ndf3 Bd7 18. Re2 Raf8 19. Nh4 Rh8 20. Nh7 Qf7 21. Qxf7 Rxf7 22. Ng5 Rf6 {1-0 Strand,V (2133)-Machlik,M (2071) TCh-NOR Elite 2023-24 (9.46)}) 8... Ng6 9. Bg3 Bd6 10. Nbd2 Nf4 11. Bxf4 Bxf4 12. g3 Bd6 13. Nh4 g6 14. f4 O-O 15. Qg2 Kg7 16. O-O-O Qa5 17. Kb1 b5 18. Nhf3 Qb6 19. h4 e5 20. fxe5 fxe5 21. h5 e4 22. hxg6 Rh8 23. Ng5 Bg4 24. Rdf1 Raf8 25. Rxf8 Bxf8 26. Nf7 h6 27. Nxh8 Kxh8 28. Nxe4 Nxd4 29. Ng5 Qf6 30. Nf7+ Kg7 31. cxd4 Bf3 32. Qh2 Qxd4 33. Qxh6+ Kf6 34. Qh8+ Bg7 35. Qd8+ Ke6 36. Qd6# 1-0

[Event "Olympiad Women 2024"]
[Site "Budapest HUN"]
[Date "2024.09.13"]
[Round "3.16"]
[Board "1"]
[White "Atalik, Ekaterina"]
[Black "Alinasab, Mobina"]
[Result "0-1"]
[WhiteElo "2381"]
[BlackElo "2336"]
[PlyCount "84"]
[EventDate "2024.09.11"]
[WhiteTeam "Turkiye"]
[BlackTeam "Iran"]
[BlackTeamCountry "IRI"]

1. d4 Nf6 2. c4 e6 3. Nc3 Bb4 4. a3 Bxc3+ 5. bxc3 d6 6. e3 c5 7. Bd3 ({RR} 7. Ne2 e5 8. Ng3 O-O 9. Be2 Re8 10. O-O Nbd7 11. Qc2 Nf8 12. Bd3 Qe7 13. f3 Ng6 14. Bd2 b6 15. Rae1 Bb7 16. e4 Qc7 17. f4 Nxf4 18. Bxf4 exf4 19. Rxf4 d5 20. Rxf6 dxe4 21. Bxe4 gxf6 {½-½ Sokolov,I (2570)-Luther,T (2495) Mitropa Cup 14th 1991 (3)}) 7... Nc6 ({RR} 7... Nbd7 8. Ne2 O-O 9. O-O b6 10. e4 Bb7 11. Ng3 Rc8 12. f4 cxd4 13. cxd4 Ba6 14. e5 Ne8 15. Qe2 Qc7 16. Qh5 g6 17. Qh6 Bxc4 18. Bxc4 Qxc4 19. Be3 Qb3 20. Rae1 Ng7 21. Rf3 Qd5 22. h4 {0-1 Manukyan,S (2216)-Paichadze,L (2504) Titled Tue 5th Mar Late 2024 (9)}) 8. Nf3 e5 9. Nd2 $146 ({RR} 9. d5 Na5 10. e4 Nd7 11. Qa4 O-O 12. Nd2 b6 13. Qd1 Nb8 14. Nb3 Ba6 15. Nxa5 bxa5 16. O-O Nd7 17. f4 Nb6 18. fxe5 dxe5 19. Be3 Rc8 20. Rf5 f6 21. Qf1 Qd7 22. Qf2 Qe7 23. Qe2 Rc7 {0-1 De Sa,A-Trindade,S (2305) Brasiliense-ch 1992 (8)}) ({RR} 9. Qc2 O-O 10. d5 Ne7 11. h3 Kh8 12. g4 Ne8 13. e4 g6 14. Bh6 Ng7 15. Rg1 Ng8 16. Bxg7+ Kxg7 17. O-O-O Bd7 18. h4 Qa5 19. Qb2 Rab8 20. Kd2 b5 21. cxb5 Bxb5 22. Bxb5 Rxb5 23. Qa2 Rfb8 {½-½ Handler,L (2102)-Wertjanz,D (2043) AUT-ch U16 Fuerstenfeld 2009 (4)}) 9... exd4 10. cxd4 cxd4 11. exd4 Qe7+ 12. Kf1 Nxd4 13. Bb2 Ne6 14. Qf3 Nc5 15. Re1 Be6 16. Bc2 O-O-O 17. Qg3 Nh5 18. Qf3 Qh4 19. g3 Qh3+ 20. Kg1 Rhe8 21. Re3 Nf6 22. Bxf6 gxf6 23. Qxf6 d5 24. Nf3 Ne4 25. Qf4 f5 26. Nd4 dxc4 27. Nb5 Rd7 28. f3 a6 29. Na7+ Kd8 30. fxe4 Rd2 31. Rd3+ Rxd3 32. Bxd3 cxd3 33. Kf2 fxe4 34. Qd6+ Bd7 35. Rc1 Qxh2+ 36. Ke3 Qe2+ 37. Kd4 Qf2+ 38. Kd5 Qf7+ 39. Kd4 Qf2+ 40. Kd5 Qf5+ 41. Kd4 Qe5+ 42. Qxe5 Rxe5 0-1

[Event "Olympiad Women 2024"]
[Site "Budapest HUN"]
[Date "2024.09.13"]
[Round "3.16"]
[Board "2"]
[White "Azali, Tannaz"]
[Black "Yildiz Kadioglu, Betul Cemre"]
[Result "0-1"]
[WhiteElo "2125"]
[BlackElo "2314"]
[PlyCount "72"]
[EventDate "2024.09.11"]
[WhiteTeam "Iran"]
[BlackTeam "Turkiye"]
[WhiteTeamCountry "IRI"]

1. d4 d5 2. c4 c6 3. Nf3 Nf6 4. Nbd2 e6 5. Qc2 Nbd7 6. e4 dxe4 7. Nxe4 Bb4+ 8. Bd2 Bxd2+ 9. Nfxd2 O-O 10. Bd3 h6 $146 ({RR} 10... b6 11. O-O h6 12. Nf3 Qc7 13. Rfe1 Bb7 14. c5 Nxe4 15. Bxe4 Rad8 16. b4 Nf6 17. Rad1 b5 18. Re3 a5 19. a3 axb4 20. axb4 Ra8 21. Nd2 Ra4 22. Qc3 Rfa8 23. Nb3 Ra3 24. Bf3 R8a4 25. Ree1 {1-0 Lemire Paquin,A (1979)-Malek,O (2126) Quebec-ch U20 2006 (4)}) 11. O-O-O e5 12. dxe5 Nxe5 13. Be2 Bf5 14. f3 Nxe4 15. fxe4 Bg6 16. Qc3 Qe7 17. g4 c5 18. h4 Nc6 19. Bd3 Qe5 20. Qa3 Rad8 21. Bc2 Nb4 22. Bb1 Rd4 23. Qe3 Rfd8 24. h5 Bh7 25. Rhf1 Rd3 26. Nf3 Rxd1+ 27. Rxd1 Rxd1+ 28. Kxd1 Qxb2 29. Nd2 Qe5 30. Qa3 Nc6 31. Qb3 b6 32. Qa4 Qe6 33. Kc1 g5 34. hxg6 Bxg6 35. Bd3 Nb4 36. Be2 Qe5 0-1

[Event "Olympiad Women 2024"]
[Site "Budapest HUN"]
[Date "2024.09.13"]
[Round "3.16"]
[Board "4"]
[White "Behzad Nazif, Parva"]
[Black "Isgenderova, Hayale"]
[Result "0-1"]
[WhiteElo "2092"]
[BlackElo "2124"]
[PlyCount "76"]
[EventDate "2024.09.11"]
[WhiteTeam "Iran"]
[BlackTeam "Turkiye"]
[WhiteTeamCountry "IRI"]

1. d4 e6 2. Nf3 Nf6 3. g3 b6 4. Bg2 Bb7 5. O-O Be7 6. c4 O-O 7. d5 exd5 8. Nh4 Ng4 9. Nf5 Bc5 ({RR} 9... Bf6 10. cxd5 d6 11. e4 Ne5 12. f4 Nc4 13. Nc3 Bc8 14. Nd4 a6 15. b3 Na5 16. Bb2 Ra7 17. Qd2 c5 18. Nf3 Bg4 19. Rfe1 Bxf3 20. Bxf3 Re7 21. e5 dxe5 22. Ne4 Nd7 23. Nxf6+ gxf6 24. Be4 {1-0 Haselhorst,H (2143)-Zotin,V (1815) GER-ch Seniors 65 2018 (3)}) 10. cxd5 Qf6 11. e4 Ne5 $146 ({RR} 11... Nxf2 12. Rxf2 Bxf2+ 13. Kxf2 g6 14. Qd4 Qxd4+ 15. Nxd4 c5 16. Nb5 Na6 17. Bh3 Rfd8 18. Nd6 Rab8 19. Bg5 f6 20. Bxf6 Rf8 21. e5 Nb4 22. Nxb7 Rxf6+ 23. exf6 Nc2 24. d6 Kf7 {½-½ Siggelkow,A (2051)-Polansky,A (1641) Liberec op 16th 2016 (1)}) 12. h4 h6 13. Bd2 Ba6 14. Bc3 Bxf1 15. Kxf1 Bxf2 16. Kxf2 g6 17. Bxe5 Qxe5 18. Qd4 f6 19. Nxh6+ Kg7 20. Qd2 Qh5 21. Ng4 Qxg4 22. Bf3 Qh3 23. Bg2 Qh2 24. Nc3 f5 25. Ne2 fxe4+ 26. Nf4 g5 27. hxg5 Qh5 28. Qd4+ Kg8 29. d6 Nc6 30. Qd5+ Qf7 31. Qxe4 Rae8 32. g6 Qf6 33. Qc4+ Kg7 34. Rb1 Qxg6 35. Rh1 Qxd6 36. Qc2 Qd4+ 37. Kf1 Rxf4+ 38. gxf4 Qxf4+ 0-1

[Event "Olympiad Women 2024"]
[Site "Budapest HUN"]
[Date "2024.09.13"]
[Round "3.17"]
[Board "1"]
[White "Narva, Mai"]
[Black "Roebers, Eline"]
[Result "1-0"]
[WhiteElo "2420"]
[BlackElo "2340"]
[PlyCount "57"]
[EventDate "2024.09.11"]
[WhiteTeam "Estonia"]
[BlackTeam "Netherlands"]
[WhiteTeamCountry "EST"]
[BlackTeamCountry "NED"]

1. d4 Nf6 2. c4 g6 3. Nc3 Bg7 4. e4 d6 5. f3 O-O 6. Nge2 a6 7. Be3 Nbd7 8. Qd2 b5 9. h4 ({RR} 9. cxb5 axb5 10. Nxb5 c6 11. Nbc3 e5 12. Rd1 Re8 13. Ng3 d5 14. Be2 h5 15. O-O h4 16. Nh1 dxe4 17. Nf2 exd4 18. Bxd4 exf3 19. Bxf3 Ba6 20. Rfe1 Qc7 21. Qg5 Rxe1+ 22. Rxe1 Rb8 23. Qxh4 c5 {½-½ Ding,L (2805)-Grischuk,A (2775) Norway Masters blitz 7th 2019 (5)}) 9... c5 ({RR} 9... h5 10. O-O-O e5 11. d5 bxc4 12. Nb1 Nb6 13. Nec3 Nh7 14. Na3 f5 15. Nxc4 Nxc4 16. Bxc4 f4 17. Bf2 Nf6 18. Kb1 Nd7 19. Ka1 Nb6 20. Be2 Rb8 21. Rc1 Rf7 22. Rc2 Qe8 23. Rhc1 Bf6 24. Qe1 {1-0 Basso,P (2482)-Silva Lucena,C (2325) 49th Seville Open 2024 (6.3)}) 10. h5 $146 ({RR} 10. dxc5 dxc5 11. Nf4 b4 12. Nd1 e6 13. h5 Qc7 14. hxg6 hxg6 15. Nd3 Rd8 16. Qf2 Ne5 17. Nxc5 Nfd7 18. Qh4 Nxc5 19. Bxc5 f6 20. Bxb4 Rb8 21. Bc3 a5 22. f4 Nd7 23. Ne3 Bb7 24. f5 exf5 {1-0 Gholami Orimi,M (2428)-Daghli,A (2431) Wch FIDE Online U18 Asia qual rapid 2020 (3)}) 10... Qa5 11. Bh6 e5 12. Bxg7 Kxg7 13. dxc5 Nxc5 14. Qxd6 Ncd7 15. hxg6 fxg6 16. Nc1 bxc4 17. Bxc4 Rb8 18. Nd3 Re8 19. O-O Qb6+ 20. Qxb6 Nxb6 21. Bb3 h5 22. Rad1 a5 23. Nc5 Re7 24. Rd8 Nfd7 25. Ne6+ Kh7 26. Rd1 Bb7 27. Rxb8 Nxb8 28. Nf8+ Kg7 29. Nxg6 1-0

[Event "Olympiad Women 2024"]
[Site "Budapest HUN"]
[Date "2024.09.13"]
[Round "3.17"]
[Board "2"]
[White "Peng, Zhaoqin"]
[Black "Olde, Margareth"]
[Result "1/2-1/2"]
[WhiteElo "2349"]
[BlackElo "2135"]
[PlyCount "92"]
[EventDate "2024.09.11"]
[WhiteTeam "Netherlands"]
[BlackTeam "Estonia"]
[WhiteTeamCountry "NED"]
[BlackTeamCountry "EST"]

1. d4 d5 2. c4 e6 3. Nf3 a6 4. cxd5 exd5 5. Nc3 c6 6. Qc2 Nf6 7. Bg5 Be7 8. e3 h6 9. Bh4 O-O 10. Bd3 Nbd7 11. O-O Re8 12. Rab1 Ne4 13. Bxe4 $146 ({RR} 13. Bxe7 Qxe7 14. Bxe4 dxe4 15. Nd2 Nf6 16. Nc4 Bf5 17. Rfd1 Rad8 18. a3 Qe6 19. Nb6 Bg4 20. Rdc1 Qf5 21. Ne2 Qg5 22. Nf4 Qh4 23. Qc5 Be6 24. h3 Bd5 25. b4 Nd7 26. Nxd7 Rxd7 27. a4 Qf6 {½-½ Medic,M (2166)-Repkova,E (2323) 24th European Teams Women 2023 (9.13)}) 13... Bxh4 14. Bh7+ Kh8 15. Bd3 Bf6 16. b4 Nb6 17. a4 Bg4 18. Nd2 Qd6 19. a5 Nc8 20. Nb3 Qe7 21. Nc5 Nd6 22. h3 Bc8 23. Rbe1 g6 24. e4 Bxd4 25. exd5 Qxe1 26. Rxe1 Rxe1+ 27. Kh2 Re7 28. N3e4 Nxe4 29. Bxe4 cxd5 30. Bxd5 Bf5 31. Qd2 Bxc5 32. Qxh6+ Kg8 33. bxc5 Rc8 34. c6 bxc6 35. Bc4 c5 36. Qd2 Be6 37. Bxa6 Ra8 38. Bb5 c4 39. a6 Rc7 40. Qa5 Rcc8 41. Qc3 Rc5 42. Qb4 Rc7 43. Qc3 Rc5 44. Qb4 Rcc8 45. Qc3 Rc5 46. Qb4 Rcc8 1/2-1/2

[Event "Olympiad Women 2024"]
[Site "Budapest HUN"]
[Date "2024.09.13"]
[Round "3.17"]
[Board "3"]
[White "Blokhin, Sofia"]
[Black "Van Foreest, Machteld"]
[Result "0-1"]
[WhiteElo "2036"]
[BlackElo "2224"]
[PlyCount "142"]
[EventDate "2024.09.11"]
[WhiteTeam "Estonia"]
[BlackTeam "Netherlands"]
[WhiteTeamCountry "EST"]
[BlackTeamCountry "NED"]

1. d4 d5 2. c4 e6 3. Nc3 Nf6 4. Nf3 c6 5. e3 Nbd7 6. Bd3 Bd6 7. e4 dxc4 8. Bxc4 b5 9. Bd3 e5 10. dxe5 Nxe5 11. Nxe5 Bxe5 12. h3 O-O $146 ({RR} 12... a6 13. O-O O-O 14. Qe2 Bb7 15. Be3 Qe7 16. Rac1 c5 17. f3 c4 18. Bb1 Nh5 19. Qc2 Qh4 20. Ne2 g5 21. Bf2 Bg3 22. Nxg3 Nxg3 23. e5 f5 24. exf6 Rf7 25. Rfe1 Qf4 26. Re7 Rxe7 27. fxe7 {0-1 Henry Marwa Michael (1715)-Shaker,M (1757) 45th Olympiad 2024 (5.78)}) 13. O-O Re8 14. Be3 Bb7 15. Qc2 Nh5 16. f4 Bd4 17. Bxd4 Qxd4+ 18. Kh2 Qf6 19. Ne2 g6 20. e5 Qe7 21. g4 Ng7 22. Ng3 Ne6 23. Qf2 Red8 24. Rad1 c5 25. Be4 Rd4 26. Bxb7 Qxb7 27. Rxd4 Nxd4 28. b4 Qd5 29. bxc5 Rc8 30. Ne2 Nxe2 31. Qxe2 Rxc5 32. Rd1 Qc6 33. Rd8+ Kg7 34. f5 gxf5 35. gxf5 Rc2 36. f6+ Kg6 37. Rd2 Rxd2 38. Qxd2 Qe4 39. Qb2 Kf5 40. Qf2+ Ke6 41. Qxa7 Qxe5+ 42. Kg2 Kxf6 43. Qa5 Qd5+ 44. Kg3 Kg5 45. a4 Qe5+ 46. Kg2 Qe4+ 47. Kg3 Qd3+ 48. Kg2 Qc2+ 49. Kg3 Qb3+ 50. Kf2 Qxa4 51. Qd8+ Kh5 52. Qd5+ Kh4 53. Qd8+ Kxh3 54. Qd3+ Kg4 55. Qf3+ Kg5 56. Qd5+ Kg6 57. Qc6+ f6 58. Qg2+ Kh6 59. Qh1+ Kg5 60. Qd5+ f5 61. Qd8+ Kg4 62. Qg8+ Kf4 63. Qg3+ Ke4 64. Qh4+ f4 65. Qe7+ Kd4 66. Qf6+ Kd3 67. Qf5+ Kc3 68. Qh3+ Kb2 69. Ke1 Qe4+ 70. Kf1 f3 71. Qh2+ Qe2+ 0-1